Pháp luật kỹ năng ký kết hợp đồng kinh tế, thương mại, đầu tư

Quyển sách chỉ dẫn pháp luật hợp đồng, kỹ năng soạn thảo, ký kết, thực hiện hợp đồng. Sách cung cấp 138mẫu hợp đồng kinh tế, thương mại, đầu tư thông dụng mới nhất thường dùng.

Uloženo v:
Podrobná bibliografie
Médium: Kniha
Jazyk:Undetermined
Vydáno: Hà Nội Thống kê 2009
Témata:
Tagy: Přidat tag
Žádné tagy, Buďte první, kdo otaguje tento záznam!
Thư viện lưu trữ: Trung tâm Học liệu Trường Đại học Cần Thơ
LEADER 00836nam a2200181Ia 4500
001 CTU_155116
008 210402s9999 xx 000 0 und d
020 |c 165000 
082 |a 346.07 
082 |b L504 
245 0 |a Pháp luật kỹ năng ký kết hợp đồng kinh tế, thương mại, đầu tư 
260 |a Hà Nội 
260 |b Thống kê 
260 |c 2009 
520 |a Quyển sách chỉ dẫn pháp luật hợp đồng, kỹ năng soạn thảo, ký kết, thực hiện hợp đồng. Sách cung cấp 138mẫu hợp đồng kinh tế, thương mại, đầu tư thông dụng mới nhất thường dùng. 
650 |a Law of economic, Vietnamese 
904 |i Diễm Châu 
980 |a Trung tâm Học liệu Trường Đại học Cần Thơ